National Interests in International Society /

Desde una perspectiva constructivista y a partir de las ideas del institucionalismo sociológico, la autora indaga las formas cómo los Estados se comportan y definen sus intereses en el marco de la política internacional. Marta Finnemore sostiene que investigar los intereses de las naciones requiere...

Descrizione completa

Salvato in:
Dettagli Bibliografici
Autore principale: Finnemore, Martha (autor)
Natura: Libro
Lingua:inglese
Pubblicazione: Ithaca, EUA : Cornell University, 1996, c1996
Serie:(Cornell Studies in Political Economy)
Soggetti:
Tags: Aggiungi Tag
Nessun Tag, puoi essere il primo ad aggiungerne!!

MARC

LEADER 00000nam^a2200000^a^4500
001 000123423
005 20250521000000.0
009 20260310094537.939
020 |a 0-8014-8323-9 
037 |a Acervo ITESO - Biblioteca 
041 |a ING 
082 |a 327. 101  |b FIN 
100 |a Finnemore, Martha  |e (autor) 
245 1 0 |a National Interests in International Society /  |c M. Finnemore. 
264 4 |a Ithaca, EUA :  |b Cornell University,  |c 1996, c1996 
300 |a XI, 154 p. 
336 |a texto  |b txt  |2 rdacontenido 
337 |a sin mediación  |b n  |2 rdamedio 
338 |a volumen  |b nc  |2 rdasoporte 
440 1 |a (Cornell Studies in Political Economy) 
520 |a Desde una perspectiva constructivista y a partir de las ideas del institucionalismo sociológico, la autora indaga las formas cómo los Estados se comportan y definen sus intereses en el marco de la política internacional. Marta Finnemore sostiene que investigar los intereses de las naciones requiere adentrarse en la estructura internacional de la que son parte y en ésta, las organizaciones internacionales -como ejemplifica con la UNESCO, la Cruz Roja y el Banco Mundial- desempeñan un papel central y llegan a redefinir las preferencias de los Estados. 
610 |a Banco Mundial 
610 |a UNESCO 
649 |a XX 
650 |a Cruz Roja 
650 |a Organizaciones Internacionales 
650 |a Cooperación Internacional 
650 |a Relaciones Internacionales -  |x Teoría 
650 |a Política Internacional 
650 |a Política Exterior 
650 |a Interés Público 
650 |a Constructivismo 
650 |a Sociología Política 
910 |a Fondo General 
920 |a Impresos - Libros 
930 |a Colección General 
905 |a 101 
901 |a 0500057262  |b IT1  |c ACC  |u 20250521 
902 |a https://opac.biblio.iteso.mx/vufind/Record/000123423